Statistics for SZA - F2F (All Lyrics)

Click here to take the quiz!

General Stats

  • This quiz has been taken 32 times
  • The average score is 300 of 371

Answer Stats

Answer% Correct
a
96%
'cause
96%
I
96%
it
96%
miss
96%
the
96%
you
96%
you)
96%
You
96%
you,
96%
and
92%
fuck
92%
Fuck
92%
go
92%
me
92%
me?
92%
me,
92%
Missin'
92%
missin'
92%
my
92%
that
92%
To
92%
to
92%
us
92%
Can
88%
come
88%
daddy
88%
for
88%
Get
88%
get
88%
him
88%
I'm
88%
night,
88%
of
88%
on
88%
two
88%
when
88%
cold
83%
Hate
83%
hate
83%
need
83%
no
83%
Now
83%
rough
83%
sex
83%
(so
83%
so
83%
So
83%
soul
83%
too
83%
wanna
83%
your
83%
already
79%
been
79%
call
79%
can't
79%
done
79%
enough,
79%
enough
79%
ex
79%
fall
79%
far
79%
got
79%
kick
79%
let
79%
nights
79%
out
79%
ovulatin'
79%
replaced
79%
sell
79%
sleep
79%
thinkin'
79%
took
79%
watchin'
79%
Worried
79%
'bout
75%
didn't
75%
hard,
75%
hard
75%
hear
75%
knees
75%
much
75%
rise
75%
Smokin'
75%
why
75%
haven't
71%
still
71%
Wishin'
71%
block
67%
gon'
67%
man,
67%
off
67%
really
67%
wasn't
67%
all
63%
tomorrow
63%
Knowing
58%
push
58%
'til
58%
we
58%
Backwood
54%
her
54%
loyalty,
54%
rocks
54%
without
54%
comfort
50%
forget
50%
hurt
50%
in
50%
just
50%
looking
50%
loved
50%
pop
50%
another
46%
coming,
46%
'em
46%
'em,
46%
feel
46%
find
46%
had
46%
knew
46%
this
46%
along
42%
dry?
42%
keep
42%
one
42%
at
38%
hang
38%
try
38%
will
38%
Will
38%
but
33%
calm
33%
gave
33%
nothing
33%
wonder
33%
bombs
29%
cuff
29%
don't
29%
dropping
29%
tuck
29%
empathy,
25%
beg
21%
Since
21%
run,
17%
duck
8%

Score Distribution

Percentile by Number Answered

Percent of People with Each Score

Your Score History

You have not taken this quiz